000 00584nam a2200193Ia 4500
003 GCL
008 140319s9999 xx 000 0 ara d
040 _aGCL /
_cGCL
082 0 4 _a370.1
_bم ت
100 1 _aمحمد لبيب النجيحى
245 1 0 _aالتربية : اصولها الفلسفية و التطورية /
_cمحمد لبيب النجيحى
700 1 _aمحمد نجيب التجيحى
300 _a530 ص
490 _a
650 0 4 _aالتربية
650 0 4 _aالفلسفة الحديثة
650 0 4 _aالتعليم - فلسفة
942 _2ddc
_cBK
999 _c41661
_d41661